000 00466nam a2200193 i 4500
001 C2-0298445
003 PPAK
005 20180728080515.0
008 090603s xx |||| ||||| | may d
040 _aPPAK
_beng
_cPPAK
_erda
082 0 4 _a398.2
_223
090 0 0 _a398.2
_bCER
_dKIH
245 0 0 _aCerita bangka
300 _a33 pages ;
_c27 cm
336 _2rdacontent
_atext
337 _2rdamedia
_aunmediated
338 _2rdacarrier
_avolume
942 _ddc
_cB
999 _c102731
_d102731